Gospel-centered discipleship / (Record no. 12887)

MARC details
000 -LEADER
fixed length control field 01663cam a2200325 a 4500
001 - CONTROL NUMBER
control field 16951699
003 - CONTROL NUMBER IDENTIFIER
control field AUA.1
005 - DATE AND TIME OF LATEST TRANSACTION
control field 20160415095533.0
008 - FIXED-LENGTH DATA ELEMENTS--GENERAL INFORMATION
fixed length control field 110908s2012 ilua b 001 0 eng
010 ## - LIBRARY OF CONGRESS CONTROL NUMBER
LC control number 2011037084
020 ## - INTERNATIONAL STANDARD BOOK NUMBER
International Standard Book Number 9781433530210 (tp)
020 ## - INTERNATIONAL STANDARD BOOK NUMBER
International Standard Book Number 143353021X (tp)
035 ## - SYSTEM CONTROL NUMBER
System control number (OCoLC)ocn752068249
040 ## - CATALOGING SOURCE
Original cataloging agency DLC
Language of cataloging eng
Transcribing agency DLC
Modifying agency BTCTA
-- DTM
-- DLC
050 00 - LIBRARY OF CONGRESS CALL NUMBER
Classification number BV4520
Item number .D63 2012
082 00 - DEWEY DECIMAL CLASSIFICATION NUMBER
Classification number 248.4
Edition number 23
100 1# - MAIN ENTRY--PERSONAL NAME
Personal name Dodson, Jonathan K.
9 (RLIN) 45643
245 10 - TITLE STATEMENT
Title Gospel-centered discipleship /
Statement of responsibility, etc Jonathan K. Dodson ; foreword by Matt Chandler.
260 ## - PUBLICATION, DISTRIBUTION, ETC. (IMPRINT)
Place of publication, distribution, etc Wheaton, Ill. :
Name of publisher, distributor, etc Crossway,
Date of publication, distribution, etc c2012.
300 ## - PHYSICAL DESCRIPTION
Extent 173 p. :
Other physical details ill. ;
Dimensions 21 cm.
490 1# - SERIES STATEMENT
Series statement Re:Lit
504 ## - BIBLIOGRAPHY, ETC. NOTE
Bibliography, etc Includes bibliographical references (p. 157-158) and indexes.
505 0# - FORMATTED CONTENTS NOTE
Formatted contents note Making disciples : evangelism or discipleship? -- The goal of discipleship : fighting for image -- Twisted motives : the failure of discipleship -- Gospel motives : the center of discipleship -- Gospel power : the essential role of the Holy Spirit -- Communal discipleship : the three conversions -- Practical discipleship : putting the Gospel into practice -- Gospel-centered culture : maturing and multiplying disciples.
650 #0 - SUBJECT ADDED ENTRY--TOPICAL TERM
Topical term or geographic name as entry element Discipling (Christianity)
9 (RLIN) 45644
830 #0 - SERIES ADDED ENTRY--UNIFORM TITLE
Uniform title Re:Lit.
9 (RLIN) 45645
906 ## - LOCAL DATA ELEMENT F, LDF (RLIN)
a 7
b cbc
c orignew
d 1
e ecip
f 20
g y-gencatlg
942 ## - ADDED ENTRY ELEMENTS (KOHA)
Source of classification or shelving scheme Library of Congress Classification
Koha item type Books
Classification part BV 4520
Item part .D63 2012
Holdings
Withdrawn status Lost status Source of classification or shelving scheme Damaged status Not for loan Collection code Home library Current library Shelving location Date acquired Source of acquisition Cost, normal purchase price Serial Enumeration / chronology Total Checkouts Total Renewals Full call number Barcode Date last seen Date checked out Cost, replacement price Price effective from Koha item type
    Library of Congress Classification     Books Judith Thomas Library Judith Thomas Library General Stacks 21/07/2014 Bought by JTL 6.50 AUA015809 9 1 BV 4520 .D63 2012 AUA015809 11/04/2024 10/03/2024 6.50 21/07/2014 Books